Statistiques concernant Candidats aux élections européennes 2024

Cliquez ici pour prendre le quiz!

Statistiques générales

  • Ce quiz a été pris 39 fois
    (8 depuis la dernière actualisation)
  • Le résultat moyen est 12 sur 38

Statistiques - réponses

GroupePartiCandidat% Correct
Gauche radicaleLa france insoumise - Union populaireManon Aubry
100%
Extrême droiteReconquête !Marion Maréchal
100%
ConservateursLes républicainsFrançois-Xavier Bellamy
86%
Extrême droiteRassemblement nationalJordan Bardella
86%
Centristes et libérauxRenaissanceValérie Hayer
86%
Droite nationaliste et souverainisteUnion populaire républicaineFrançois Asselineau
71%
Gauche radicaleParti communiste françaisLéon Deffontaines
71%
EcologisteLes Ecologistes - EELVMarie Toussaint
71%
Sociaux-démocratesPlace publique - Parti socialisteRaphaël Glucksmann
71%
EcologisteParti animalisteHélène Thouy
57%
Gauche radicaleLutte ouvrière, le camp des travailleursNathalie Arthaud
57%
Extrême droiteLes patriotesFlorian Philippot
43%
AutresFrance libreFrancis Lalanne
43%
AutresAlliance ruraleJean Lasalle
43%
EcologisteEcologie au centreJean-Marc Governatori
29%
Gauche radicaleNPA - RévolutionnairesSelma Labib
29%
Sociaux-démocratesParti des citoyens européensAudric Alexandre
14%
Gauche radicalePour le pain, la paix, la liberté !Camille Adoue
14%
AutresParti pirateCaroline Zorn
14%
Gauche radicaleAssociation nationale des communistesCharles Hoareau
14%
AutresUnion des démocrates musulmans françaisNagib Azergui
14%
Gauche radicaleParti révolutionnaire communisteOlivier Terrien
14%
AutresPour une démocratie réelle : décidons nous-même !Philippe Ponge
14%
Sociaux-démocratesNouvelle DonnePierre Larrouturou
14%
Extrême droiteForteresse Europe - Liste d'unité nationalistePierre-Marie Bonneau
14%
Extrême droiteRester libreEdouard Husson
0%
AutresDéfendre les enfantsGaël Coste-Meunier
0%
AutresNous le peupleGeorges Renard-Kuzmanovic
0%
Sociaux-démocratesEurope territoires écologieGuillaume Lacroix
0%
AutresDémocratie représentativeHamada Traoré
0%
AutresPour une autre EuropeJean-Marc Fortané
0%
AutresEurope Démocratie EspérantoLaure Patas d'Illiers
0%
AutresPour une humanité souveraineLéopold-Edouard Deher-Lesaint
0%
AutresLa Ruche citoyenneLorys Elmayan
0%
EcologisteEquinoxe : écologie pratique et renouveau démocratiqueMarine Cholley
0%
AutresPaix et décroissanceMichel Simonin
0%
Extrême droiteLiberté démocratique françaisePatrice Grudé
0%
EcologisteEcologie positive et territoiresYann Wehrling
0%

Distribution des résultats

Percentile par nombre de réponses

% des personnes avec chaque résultat

Votre développement - résultats

Vous n’avez pas pris ce quiz depuis la dernière actualisation